African Capitals - Sudden Death - Statistics

General Stats
  • This quiz has been taken 97 times
  • The average score is 8 of 15
Answers on the Grid
Answers color-coded by a green-red scale on the quiz's grid according to % correct below.
Abidjan
Addis Ababa
Alexandria
Antananarivo
Bamako
Cape Town
Casablanca
Conakry
Djibouti
Dodoma
Durban
Fes
Giza
Goma
Ibadan
Johannesburg
Kampala
Kano
Kigali
Kumasi
Lagos
Lilongwe
Luanda
Lusaka
Marrakesh
Nairobi
Nouakchott
Ouagadougou
Tangier
Tripoli
 
Answer Stats
Answer % Correct
Tripoli
63%
Djibouti
61%
Kigali
59%
Lusaka
59%
Nairobi
59%
Conakry
57%
Lilongwe
54%
Addis Ababa
48%
Luanda
48%
Ouagadougou
48%
Kampala
46%
Antananarivo
43%
Bamako
41%
Dodoma
41%
Nouakchott
37%
No matching quizzes found
Score Distribution
Percent of People with Each Score
Percentile by Number Answered
Your Score History
You have not taken this quiz